书目信息 |
| 题名: |
旅游法案例教程
|
|
| 作者: | 杨富斌 , 王天星 主编 | |
| 分册: | ||
| 出版信息: | 北京 知识产权出版社 2006.08 |
|
| 页数: | 256页 | |
| 开本: | 23cm | |
| 丛书名: | ||
| 单 册: | ||
| 中图分类: | D922.296 | |
| 科图分类: | ||
| 主题词: | 旅游业--lu you ye--法规--案例--高等学校--教材--中国 | |
| 电子资源: | ||
| ISBN: | 7-80198-493-5 | |
| 000 | 00914nam0 2200265 450 | |
| 001 | 012009360921 | |
| 005 | 20090918150703.51 | |
| 010 | @a7-80198-493-5@dCNY22.00 | |
| 100 | @a20090918d2006 em y0chiy0120 ea | |
| 101 | 0 | @achi |
| 102 | @aCN@b110000 | |
| 105 | @aa a 000yy | |
| 106 | @ar | |
| 200 | 1 | @a旅游法案例教程@Alu you fa an li jiao cheng@f杨富斌, 王天星主编@Fyang fu bin,wang tian xing zhu bian |
| 210 | @a北京@c知识产权出版社@d2006.08 | |
| 215 | @a256页@c图@d23cm | |
| 300 | @a高等教育旅游法教学示范教材 | |
| 320 | @a有书目 (第255页) | |
| 330 | @a本书以案例评析的方式阐述旅游法学的相关概念、理论与相关实务问题。适于高校相关专业师生教学使用。 | |
| 606 | 0 | @a旅游业@Alu you ye@x法规@x案例@x高等学校@j教材@y中国 |
| 690 | @aD922.296@v4 | |
| 701 | 0 | @a杨富斌@Ayang fu bin@4主编 |
| 701 | 0 | @a王天星@Awang tian xing@4主编 |
| 801 | 0 | @aCN@bRULIN@c20090918 |
| 905 | @b755835-37@dD922.296@eY170@f3 | |
| 旅游法案例教程/杨富斌, 王天星主编.-北京:知识产权出版社,2006.08 |
| 256页:图;23cm |
| 高等教育旅游法教学示范教材 |
| ISBN 7-80198-493-5:CNY22.00 |
| 本书以案例评析的方式阐述旅游法学的相关概念、理论与相关实务问题。适于高校相关专业师生教学使用。 |
| ● |
| 相关链接 |
|
|
|
正题名:旅游法案例教程
索取号:D922.296/Y170
 
预约/预借
| 序号 | 登录号 | 条形码 | 馆藏地/架位号 | 状态 | 备注 |
| 1 | 755835 | 207558356 | 社科库509/509社科库 88排3列2层/ [索取号:D922.296/Y170] | 在馆 | |
| 2 | 755836 | 207558365 | 社科库509/509社科库 88排3列2层/ [索取号:D922.296/Y170] | 在馆 | |
| 3 | 755837 | 207558374 | 社科库509/509社科库 88排3列2层/ [索取号:D922.296/Y170] | 在馆 |